000 00368cam a22001337a 4500
008 180718b1999 xxu||||| |||| 00| 0 eng d
020 _a8186982728
082 _aI241x54 T326
100 _aThakur, Janardan
245 _aPrime Ministers Nehru to Vajpayee
_cby Janardan Thakur
260 _aMumbai
_bEeshwar
_c1999
300 _a456p.
650 _aPrime ministers - India
999 _c388896
_d388896